Obras / Alfonso Comín
ISBN:
84-398-6681-X
Descripción Física:
v. ; 19 cm
MARC
| LEADER | 00000nam a2200000Ia 4500 | ||
|---|---|---|---|
| 001 | 17019 , 17020, 17021 | ||
| 008 | 160829s1986 - 1994 xx 000 0 cat d | ||
| 020 | |a 84-398-6681-X (o.c.), 84-404-5920-3 (v.5), 84-604-4453-8 (v.6), 84-605-0815-3 (v.7) | ||
| 080 | |a L-2-54 , L-2-55 , L-2-56 | ||
| 100 | 1 | |a Comín, Alfonso C. |q (Alfonso Carlos), |d 1932-1980 |9 54338 | |
| 245 | |a Obras / Alfonso Comín | ||
| 260 | |a Barcelona : |b Fundació Alfons Comín, |c 1986 - 1994 | ||
| 300 | |a v. ; |c 19 cm | ||
| 590 | |a Conté: 5: Escritos / Prólogo de Josep Ma. Castellet, 6: Inéditos, intervenciones y escritos breves / Prólogo de Joaquim Sempere, 7: Inéditos, cartas y poemas / Introducciones de Josep M. Piñol, Juan N. García-Nieto, José A. González Casanova ; Epíleg al conjunt de l'obra: José A. González Casanova | ||
| 600 | 1 | 0 | |a Comín, Alfonso C. |q (Alfonso Carlos), |d 1932-1980 |9 54338 |
| 650 | |a Comunisme |x Espanya |x 1939-1975 |9 36120 | ||
| 650 | |a Comunisme i Església Catòlica I |9 36121 | ||
| 650 | |a Cristianisme i política |x S. XX |9 36122 | ||
| 650 | |a Classes socials |x Aspectes polítics |9 36123 | ||
| 700 | |a Castellet, J. M. |q (Josep Maria), |d 1926-2014 |e autor del pròleg |9 29842 | ||
| 700 | |a Semperé, Joaquim, pr. |9 36125 |e autor del pròleg | ||
| 700 | |a Piñol, Josep Ma, pr. I |9 36126 |e autor del pròleg | ||
| 700 | |a García-Nieto, Joan N. |q (Joan Nepomucè), |d 1929-1994 |e autor del pròleg |9 27804 | ||
| 700 | 1 | |a González Casanova, J. A. |q (Josep Antoni), |d 1935-2021 |e autor del pròleg |9 27886 | |
| 710 | 1 | |a Fundació Alfons Comín |9 7624 | |
| 866 | |a 5, 6, 7 | ||
| 901 | |a Arxiu | ||
| 942 | |n 1 |2 udc | ||
| 952 | |0 0 |1 0 |4 0 |6 L254__L255__L256 |7 1 |9 47180 |a Arxiu |b Arxiu |d 2016-12-01 |l 0 |o L-2-54 , L-2-55 , L-2-56 |p 17019 , 17020, 17021 |r 2016-12-01 00:00:00 |w 2016-12-01 |y ARXIU | ||
| 999 | |c 50977 |d 50977 | ||